Lịch sử thế giới Trung đại

Sách gồm hai phần. Phần 1: trình bày lịch sử các nước Tây Âu từ thế kỷ thứ V đến thế kỷ XVI. Phần 2 : trình bày lịch sử trung đại các nước Phương Đông.

Spremljeno u:
Bibliografski detalji
Format: Knjiga
Jezik:Undetermined
Izdano: Hà Nội Giáo dục Việt Nam 2013
Teme:
Oznake: Dodaj oznaku
Bez oznaka, Budi prvi tko označuje ovaj zapis!
Thư viện lưu trữ: Trung tâm Học liệu Trường Đại học Cần Thơ
LEADER 00861nam a2200205Ia 4500
001 CTU_198384
008 210402s9999 xx 000 0 und d
020 |c 70000 
082 |a 940.1 
082 |b L302 
245 0 |a Lịch sử thế giới Trung đại 
245 0 |c Nguyễn Gia Phu ... [et al.] 
260 |a Hà Nội 
260 |b Giáo dục Việt Nam 
260 |c 2013 
520 |a Sách gồm hai phần. Phần 1: trình bày lịch sử các nước Tây Âu từ thế kỷ thứ V đến thế kỷ XVI. Phần 2 : trình bày lịch sử trung đại các nước Phương Đông. 
650 |a World history,Middle ages,Lịch sử thế giới,Trung đại 
650 |x History,Lịch sử 
904 |i Tuyến 
980 |a Trung tâm Học liệu Trường Đại học Cần Thơ